Largest cities containing each letter 3 or more times - Statistics

General Stats
  • This quiz has been taken 14 times
  • The average score is 2 of 25
Answer Stats
Hint Answer % Correct
UUU Kuala Lumpur
69%
AAA Jakarta
46%
HHH Ho Chi Minh City
38%
III Ho Chi Minh City
38%
OOO Toronto
31%
MMM Dammam
8%
QQQ Qaqortoq
8%
BBB Bandar Abbas
0%
CCC Caloocan City
0%
DDD Ciudad Apodaca
0%
EEE Ecatepec de Morelos
0%
FFF Flagstaff
0%
JJJ Jhajjar
0%
KKK Kirkuk
0%
YYY Kryvyy Rih
0%
LLL León de los Aldama
0%
NNN Nanjing
0%
PPP Parsippany
0%
RRR Port Harcourt
0%
SSS Santiago de los Caballeros
0%
TTT Tolyatti
0%
VVV Vasyl'evsky Ostrov
0%
WWW West Warwick
0%
ZZZ Zaporizhya
0%
GGG Zhangjiagang
0%
No matching quizzes found
Score Distribution
Percent of People with Each Score
Percentile by Number Answered
Your Score History
You have not taken this quiz